000 01008nam0a2200301 4500
001 RU\NLR\bibl\1864043
005 20260409065416.0
021 _aRU
_b2011-106401
_97612
035 _a(NLR Aleph) 001853930
090 _a2439884
_c2439884
100 _a20120202d2011 u y0rusy50 ca
101 0 _arus
102 _aRU
105 _aa |||||||||
200 1 _aТехнологии обогащения и переработки сырья
_eежегодник 2011
_fAT intern.
210 _aБ.м.
_cб.и.
_d2011
215 _a111, [2] с.
_cцв. ил., портр.
_d30
606 _aОбогащение (горн.)
_jСборники
_3RU\NLR\auth\6627815
_9937805
606 1 _aМинеральное сырье
_jСборники
_xПереработка
_91674890
_3RU\NLR\auth\66743124
686 _aИ41я43
686 _aЛ20я43
801 0 _aRU
_bNLR
_c20120202
_gRCR
801 1 _aRU
_bNLR
_c20120202
942 _cBOOK
980 _aNB
980 _aNBR